000 00665cam a22002413a 4500
001 14267
003 PGUSA
005 20140828083315.0
008 041206s2004||||xxu|||||s|||||000 | eng d
040 _aPGUSA
_beng
042 _adc
050 4 _aPH
100 1 _aJärnefelt, Arvid,
_d1861-1932
245 1 0 _aHeräämiseni
_h[electronic resource] /
_cArvid Järnefelt
260 _bProject Gutenberg,
_c2004
506 _aPublic domain in the USA.
516 _aElectronic text
653 _aAutobiographies
653 _aJärnefelt, Arvid, 1861-1932
830 0 _aProject Gutenberg
_v14267
856 4 0 _uhttp://www.gutenberg.org/ebooks/14267
942 _cEB
999 _c243522
_d243522